000 00678nam a2200265Ia 4500
005 20260121172154.0
008 008 260114s9999 xx 000 0 eng d
020 _a9789811549564
037 _aEBOOK
040 _aCRL
040 _beng
040 _cCRL
041 _2eng
041 _aeng
084 _qCRL
100 _aR.B. Singh, Dongying Wei, Subhash Anand
_91085148
245 0 _aGlobal Geographical Heritage, Geoparks and Geotourism
260 _bSpringer
260 _bSpringer
260 _c2021
856 _uhttps://link.springer.com/openurl?genre=book&isbn=978-981-15-4956-4
942 _cEBOOK
999 _c1650885
_d1650885